| 000 | 00751nam a22001937a 4500 | ||
|---|---|---|---|
| 008 | 161015b xxu||||| |||| 00| 0 eng d | ||
| 020 | _a9715504442 | ||
| 082 |
_22003 _aDFil 333.75 _bC76 |
||
| 100 |
_916315 _aContreras, Antonio P. |
||
| 245 |
_aThe kingdom and the republic: _bforest governance and political transformation in Thailand and the Philippines/ _cAntonio P. Contreras |
||
| 260 |
_aQuezon City: _bADMU Press, _cc2003. |
||
| 300 |
_avii, 183 pages; _c23 cm. |
||
| 500 | _aIncludes bibliographical references and index. | ||
| 650 | 0 |
_916318 _aForest policy _xPolitical aspects _zPhilippines |
|
| 650 | 0 |
_916319 _aForest policy _xpolitical aspects _zThailand |
|
| 650 | 0 |
_916321 _aForest protection. |
|
| 365 |
_b286.00 _cPhp. |
||
| 942 |
_2ddc _cDFIL |
||
| 999 |
_c5270 _d5270 |
||